Loading...
| Fine Arts - Classical Music | 9 | 17.78 | 89% | 78% | 11% |
| Fine Arts - Other Fine Arts | 7 | 11.43 | 71% | 0% | 43% |
| Fine Arts - Visual Fine Arts | 5 | 14.00 | 80% | 40% | 20% |
| Geography/Current Events | 4 | 17.50 | 100% | 50% | 25% |
| History - American History | 4 | 12.50 | 75% | 50% | 0% |
| History - European History | 3 | 16.67 | 100% | 67% | 0% |
| History - Other History | 7 | 12.86 | 86% | 29% | 14% |
| History - World History | 4 | 12.50 | 100% | 25% | 0% |
| Literature - American Literature | 4 | 10.00 | 75% | 25% | 0% |
| Literature - British Literature | 8 | 13.75 | 100% | 25% | 13% |
| Literature - European Literature | 7 | 18.57 | 100% | 71% | 14% |
| Literature - World/Other Literature | 6 | 13.33 | 100% | 17% | 17% |
| Mythology | 6 | 21.67 | 100% | 67% | 50% |
| Philosophy | 6 | 16.67 | 83% | 67% | 17% |
| Pop Culture | 1 | 20.00 | 100% | 100% | 0% |
| Religion | 4 | 15.00 | 75% | 75% | 0% |
| Science - Biology | 6 | 20.00 | 83% | 67% | 50% |
| Science - Chemistry | 6 | 13.33 | 100% | 33% | 0% |
| Science - Other Science | 4 | 22.50 | 100% | 100% | 25% |
| Science - Physics | 6 | 18.33 | 100% | 67% | 17% |
| Social Science | 6 | 16.67 | 83% | 67% | 17% |